Trayectoria de la novela hispanoamericana actual: del realismo mágico a los años ochenta

Guardat en:
Dades bibliogràfiques
Autors principals: Villanueva, Darío (Autor), Vina Liste, José María (Autor)
Format: Llibre
Idioma:espanyol
Publicat: Madrid Espasa Calpe 1991
Col·lecció:Colección Austral, 222
Matèries:
Etiquetes: Afegir etiqueta
Sense etiquetes, Sigues el primer a etiquetar aquest registre!

MARC

LEADER 00000nam a2200000 a 4500
001 UCY2626
003 CL-VaPUC
008 941107e19910000SP |||||||||||||||||spa|d
082 0 4 |a H863.09  |b VIL  |2 21 
100 0 |a Villanueva, Darío  |e author  |9 330696 
700 0 |a Vina Liste, José María  |e author  |9 330697 
245 1 0 |a Trayectoria de la novela hispanoamericana actual: del realismo mágico a los años ochenta 
300 |a 453 p 
942 |c BK 
945 |d 19941107 00:00:00  |a rbrito 
260 |a Madrid  |b Espasa Calpe  |c 1991 
650 7 |a NOVELA HISPANOAMERICANA  |2 CL-VaPUC  |9 309990 
650 0 |a Historia y crítica, siglo 20  |9 269384 
583 |a last modification  |c 19941107 00:00:00  |k Rodrigo Vera 
490 0 |a Colección Austral, 222 
999 |c 230986  |d 230984 
952 |0 0  |1 0  |4 0  |6 H_863_090000000000000_VIL_1991  |7 0  |8 A  |9 233720  |a BIBEDU  |b BIBEDU  |d 2019-11-15  |i 3025764  |o H863.09 VIL 1991  |p 3025764  |r 2019-11-15  |w 2019-11-15  |y BK  |k LIT